00431nam a2200121Ia 4500008004100000245005600041245003600097260000900133650002400142856005100166999001900217952007300236171204s9999 xx 000 0 und d 4aThe Wiley Handbook of Positive Clinical Psychology: cAlex M. Wood and Judith Johnson c2016 xCLINICAL PSYCHOLOGY uhttp://down.ebook777.com/040/9781118468241.pdf c346414d346414 001040aCLbCLd2017-12-04l0r2017-12-04 00:00:00w2017-12-04yCBE